000 00845nam0a22002651 4500
001 RU\NLR\INFOCOMM17\ROSSICA\1000292924
005 20250613185641.0
035 _a(NLR Aleph) 009893003
090 _a10530611
_c10530611
100 _a20030708d1894 |||y0rusy50 ca
101 0 _ager
102 _aRU
105 _ay ||||000ay
200 1 _aGedächtnissrede auf den in Gott ruhenden Kaiser Alexander III gehalten bei der Trauerfeier der Moskauer Liedertafel in der St.Petri-Pauli Kirche zu Moskau den 20-ten November 1894
_fEverth, P.
210 _aMoskau
_d1894
215 _d
600 0 _aAleksandr
_cимп.
_dIII
_f1845-1894
_2PSBO
700 1 _aEverth
_bP.
_gPaul
_4070
801 1 _aRU
_bInfoComm
_c20030708
801 0 _aRU
_bNLR
_gPSBO
852 _aNLR
_j12.53.7.822
942 _cBOOK
980 _aNB
980 _aRossica